书目信息 |
| 题名: |
环境影响评价
|
|
| 作者: | 田子贵 顾玲 | |
| 分册: | ||
| 出版信息: | 北京 化学工业出版社 2003 |
|
| 页数: | 268 | |
| 开本: | 26cm | |
| 丛书名: | ||
| 单 册: | ||
| 中图分类: | X82 | |
| 科图分类: | ||
| 主题词: | 环境质量--分析(化学) , 环境质量--评价 | |
| 电子资源: | ||
| ISBN: | 7-5025-4581-6 | |
| 000 | 00566nam0 2200193 450 | |
| 001 | 0736775523 | |
| 005 | 20070929101255.51 | |
| 010 | @a7-5025-4581-6@d¥28.00 | |
| 100 | @a20070929d km y0chiy0120 ea | |
| 101 | 0 | @achi |
| 200 | 1 | @a环境影响评价@Ahuan jing ying xiang ping jia@f田子贵 顾玲@Ftian zi gui gu ling |
| 210 | @a北京@c化学工业出版社@d2003 | |
| 215 | @a268@d26cm | |
| 606 | 0 | @a环境质量@x分析(化学) |
| 606 | 0 | @a环境质量@x评价 |
| 690 | @aX82@v3 | |
| 701 | 0 | @a田子贵 顾玲@Atian zi gui gu ling |
| 801 | 0 | @aCN@bPFT@c20070929 |
| 905 | @a213230@dX82@en1@f1 | |
| 环境影响评价/田子贵 顾玲.-北京:化学工业出版社,2003 |
| 268;26cm |
| ISBN 7-5025-4581-6:¥28.00 |
| ● |
| 相关链接 |
|
|
|
|
正题名:环境影响评价
索取号:X82/n1
 
预约/预借
| 序号 | 登录号 | 条形码 | 馆藏地/架位号 | 状态 | 备注 |
| 1 | 6602237 | 266022387 | 密集书库-生命科学系/ [索取号:X82/n1] | 在馆 |